| 000 | 01454nam a2200205 a 4500 | ||
|---|---|---|---|
| 005 | 20260109063946.0 | ||
| 008 | 991125s1989 mx 000 0 spa u | ||
| 035 | _aUPN01000040353 | ||
| 049 | _aAV | ||
| 099 | _aPVI Q 0647 | ||
| 245 | 0 | 0 |
_aMultifaz (volumen 10) : _bMultifaz 19 y 20. |
| 260 |
_aMéxico : _bCNCA : _aCONACYT, _c1989. |
||
| 300 |
_a1 videocasete (VHS) (28 min y 27 min.) : _bson., col. |
||
| 505 | 8 |
_aContenido: _gMultifaz 19. _tJuegos de guerra -- Y sin embargo se mueven -- Motor de huracanes -- La vida, el tiempo y la muerte -- El arte de producir frío -- El mar, almacén inagotable _gMultifaz 20. _tLas células de la mente -- Casa rural autosuficiente -- Te odio y te quiero -- Caracol gigante permanece activo -- Dermatoglifia -- Un acercamiento a lo humano |
|
| 500 | _aCada programa se divide en varias secciones de 3 a 5 minutos en promedio donde se presentan diversos temas de carácter científico-tecnológico acordes al perfil de la sección. La información puede ir desde la reseña de un libro, la presentación de un problema social o científico, la descripción de una especie animal o vegetal, hasta los avances de tal o cual rama de la investigación en nuestro país. El proyecto está dividido en diez secciones las cuales se distribuyen de forma distinta en cada programa | ||
| 500 | _aInformación tomada de la cubierta | ||
| 650 | 4 |
_aCiencia _97469 |
|
| 650 | 7 |
_aTecnología _2 _911976 |
|
| 905 | _aAudiovisuales | ||
| 999 |
_c40353 _d40353 |
||